[Event "2BLW 2324 SG Porz - Düsseldorfer SK"]
[Site "?"]
[Date "2024.02.25"]
[Round "8.2"]
[White "Xu, Xianliang"]
[Black "Erigaisi Arjun"]
[Result "0-1"]
[WhiteElo "2455"]
[BlackElo "2738"]
[PlyCount "62"]
[EventDate "2024.??.??"]

1. e4 e6 2. Nf3 d5 3. e5 c5 4. b4 cxb4 5. a3 bxa3 6. d4 Nc6 7. c3 Bd7 8. Bd3 h6 9. O-O a6 10. c4 Nb4 11. Nxa3 Nxd3 12. Qxd3 dxc4 13. Qxc4 b5 14. Qb3 Ne7 15. Nc2 Nd5 16. Nd2 a5 17. Ne4 Rc8 18. Bd2 a4 19. Qd3 b4 20. Ne3 Nxe3 21. Qxe3 Bc6 22. Rac1 b3 23. Nc5 Qd5 24. f3 b2 25. Rb1 Bxc5 26. dxc5 Rb8 27. Rfd1 O-O 28. Ba5 Rb3 29. Rxd5 Rxe3 30. Rd6 a3 31. Rxc6 a2 0-1

[Event "2BLW 2324 SG Porz - Düsseldorfer SK"]
[Site "?"]
[Date "2024.02.25"]
[Round "8.3"]
[White "Van Foreest, Jorden"]
[Black "Rotstein, Arkadij"]
[Result "1-0"]
[WhiteElo "2668"]
[BlackElo "2456"]
[PlyCount "77"]
[EventDate "2024.??.??"]

1. e4 c5 2. Nf3 e6 3. d4 cxd4 4. Nxd4 a6 5. a3 Nf6 6. Nc3 Qc7 7. f4 d6 8. Be3 Be7 9. g4 Nc6 10. g5 Nd7 11. h4 b5 12. h5 Bb7 13. Rh3 O-O 14. f5 Nde5 15. h6 g6 16. fxe6 Nxd4 17. exf7+ Rxf7 18. Qxd4 Qd8 19. O-O-O Bxg5 20. Kb1 Bxe3 21. Rxe3 Qg5 22. Rh3 Ng4 23. Qg1 Rf4 24. Be2 Raf8 25. Rg3 Bc8 26. Nd5 Rxe4 27. Bf3 Rxf3 28. Rxf3 Qxh6 29. Re1 Rxe1+ 30. Qxe1 Ne5 31. Rf6 Qg5 32. Rxd6 Kg7 33. Qc3 Bg4 34. Rxa6 h5 35. Ra7+ Kh6 36. Re7 Nf7 37. Rxf7 Qxd5 38. Qg7+ Kg5 39. Qf6+ 1-0

[Event "2BLW 2324 SG Porz - Düsseldorfer SK"]
[Site "?"]
[Date "2024.02.25"]
[Round "8.4"]
[White "Suvorov, Alexander"]
[Black "Bologan, Victor"]
[Result "0-1"]
[WhiteElo "2334"]
[BlackElo "2585"]
[PlyCount "116"]
[EventDate "2024.??.??"]

1. Nf3 Nf6 2. g3 d5 3. Bg2 Bg4 4. O-O e6 5. d3 Be7 6. Nbd2 O-O 7. e4 Nc6 8. h3 Bh5 9. Re1 Nd7 10. exd5 exd5 11. Nf1 f5 12. c3 Kh8 13. Qc2 f4 14. gxf4 Bg6 15. Ng3 h6 16. b4 Bd6 17. f5 Bh7 18. b5 Nce5 19. Nxe5 Bxe5 20. Ba3 Rf6 21. d4 Bd6 22. Bxd6 Rxd6 23. Qb3 Nf6 24. Re5 a6 25. bxa6 Raxa6 26. Rae1 Ra8 27. Re6 b6 28. R1e5 Rd7 29. Re2 Bg8 30. R6e5 c6 31. Rb2 b5 32. Ne2 Nh5 33. Qc2 Rda7 34. Qd2 Qg5 35. f6 Qxd2 36. fxg7+ Kxg7 37. Rxd2 Rxa2 38. Rxa2 Rxa2 39. Bf3 Nf6 40. Re7+ Kf8 41. Rc7 Ra6 42. Nf4 Bf7 43. Kg2 Ne8 44. Rd7 Ra3 45. Ne2 Be6 46. Rh7 Nf6 47. Rxh6 Kg7 48. Rh4 Bf5 49. Rf4 Bd3 50. h4 Bxe2 51. Bxe2 Rxc3 52. h5 b4 53. h6+ Kg6 54. Rh4 b3 55. Rh1 b2 56. Rb1 Rb3 57. Kf1 Kg5 58. f4+ Kxh6 0-1

[Event "2BLW 2324 SG Porz - Düsseldorfer SK"]
[Site "?"]
[Date "2024.02.25"]
[Round "8.5"]
[White "Berelowitsch, Alexander"]
[Black "Suvorov, Luca"]
[Result "1/2-1/2"]
[WhiteElo "2487"]
[BlackElo "2338"]
[PlyCount "91"]
[EventDate "2024.??.??"]

1. e4 e5 2. Nf3 Nc6 3. Bb5 a6 4. Ba4 Nf6 5. O-O Be7 6. Re1 b5 7. Bb3 d6 8. c3 O-O 9. h3 Na5 10. Bc2 c5 11. d4 Nd7 12. Nbd2 exd4 13. cxd4 Nc6 14. Nf1 Bf6 15. Be3 Bb7 16. Rc1 Rc8 17. Ng3 g6 18. Bb1 cxd4 19. Nxd4 Nce5 20. Rxc8 Qxc8 21. b3 Nc5 22. Qd2 Rd8 23. Bg5 Bxg5 24. Qxg5 Ne6 25. Nxe6 fxe6 26. Rc1 Bc6 27. Nh5 Nf7 28. Qg3 e5 29. b4 Qb7 30. a3 Kf8 31. Nf6 Kg7 32. Qh4 g5 33. Qxh7+ Kxf6 34. Rc3 Ke7 35. Rf3 Rf8 36. Ba2 d5 37. Qg6 Qd7 38. exd5 Bxd5 39. Qf6+ Ke8 40. Rd3 Bxa2 41. Rxd7 Kxd7 42. Qxa6 Nd6 43. a4 Rf4 44. axb5 Bd5 45. Qa7+ Bb7 46. Qb8 1/2-1/2

[Event "2BLW 2324 SG Porz - Düsseldorfer SK"]
[Site "?"]
[Date "2024.02.25"]
[Round "8.6"]
[White "Pauly, Carlo"]
[Black "Orlov, Andrey"]
[Result "1/2-1/2"]
[WhiteElo "2305"]
[BlackElo "2490"]
[PlyCount "71"]
[EventDate "2024.??.??"]

1. d4 d5 2. c4 e6 3. Nf3 a6 4. e3 Nf6 5. Nbd2 Be7 6. Bd3 Nbd7 7. e4 dxe4 8. Nxe4 Nxe4 9. Bxe4 Nf6 10. Bc2 c5 11. dxc5 Qxd1+ 12. Kxd1 Bxc5 13. Ke2 b5 14. cxb5 axb5 15. Bd3 b4 16. Bd2 O-O 17. Rhc1 Bd6 18. Rc6 Rd8 19. a4 bxa3 20. bxa3 Bb7 21. Rb6 Bxf3+ 22. gxf3 Bxa3 23. Be4 Nxe4 24. fxe4 Bc5 25. Rxa8 Rxa8 26. Rb7 h5 27. Rb5 Rc8 28. Bf4 Kh7 29. Rb7 Ra8 30. Rxf7 Ra2+ 31. Bd2 Bb4 32. Rd7 e5 33. Ke3 Ra3+ 34. Rd3 Bc5+ 35. Ke2 Rxd3 36. Kxd3 1/2-1/2

[Event "2BLW 2324 SG Porz - Düsseldorfer SK"]
[Site "?"]
[Date "2024.02.25"]
[Round "8.7"]
[White "Levin, Felix"]
[Black "Marcziter, Dmitrii"]
[Result "1/2-1/2"]
[WhiteElo "2440"]
[BlackElo "2187"]
[PlyCount "45"]
[EventDate "2024.??.??"]

1. d4 Nf6 2. Nf3 g6 3. Nbd2 d5 4. b4 c6 5. e3 Bg7 6. c4 O-O 7. Bb2 Bf5 8. Be2 Nbd7 9. O-O a5 10. b5 a4 11. Ba3 c5 12. Rc1 dxc4 13. Nxc4 Ne4 14. Nh4 cxd4 15. Nxf5 gxf5 16. exd4 Nb6 17. Ne3 Qd7 18. Bc5 Nd5 19. Nxd5 Qxd5 20. Bc4 Qd7 21. f3 Nd6 22. b6 Rfd8 23. Qe2 1/2-1/2

[Event "2BLW 2324 SG Porz - Düsseldorfer SK"]
[Site "?"]
[Date "2024.02.25"]
[Round "8.8"]
[White "Gallasch, Jonas"]
[Black "Braun, Christian"]
[Result "1/2-1/2"]
[WhiteElo "2283"]
[BlackElo "2406"]
[PlyCount "66"]
[EventDate "2024.??.??"]

1. d4 Nf6 2. c4 g6 3. g3 Bg7 4. Bg2 O-O 5. Nc3 d6 6. Nf3 Nbd7 7. O-O e5 8. e4 exd4 9. Nxd4 Re8 10. h3 Nc5 11. Re1 a5 12. b3 Bd7 13. Bb2 a4 14. b4 a3 15. Bc1 Na4 16. Bd2 Nb2 17. Qb3 Nd3 18. Red1 Ng4 19. hxg4 Bxd4 20. Be3 Bxe3 21. Rxd3 Bh6 22. Qd1 Bg7 23. Rc1 Bxc3 24. Rcxc3 Qg5 25. Rxa3 Bxg4 26. Qc2 Qe5 27. Rac3 Qh5 28. c5 Be6 29. a3 d5 30. Rd4 dxe4 31. Bxe4 Bf5 32. Re3 Red8 33. Qd2 Rxd4 1/2-1/2

[Event "2BLW 2324 SC Siegburg - Aachener SV"]
[Site "?"]
[Date "2024.02.25"]
[Round "8.1"]
[White "Seel, Christian"]
[Black "Baklan, Vladimir"]
[Result "1/2-1/2"]
[WhiteElo "2480"]
[BlackElo "2532"]
[PlyCount "97"]
[EventDate "2024.??.??"]

1. Nf3 Nf6 2. c4 b6 3. g3 Bb7 4. Bg2 g6 5. b3 Bg7 6. Bb2 O-O 7. O-O c5 8. Nc3 e6 9. d4 Ne4 10. Nxe4 Bxe4 11. Qd2 Qf6 12. Ne5 Bxg2 13. Kxg2 cxd4 14. Bxd4 Qe7 15. Rfd1 f6 16. Nf3 Rd8 17. Bc3 Nc6 18. Qb2 Rac8 19. h4 d5 20. cxd5 exd5 21. Rac1 Ne5 22. Bd4 Ng4 23. Rxc8 Rxc8 24. Rc1 Qd7 25. Rxc8+ Qxc8 26. Qd2 Bf8 27. a4 Qe6 28. a5 bxa5 29. Qxa5 a6 30. Qd8 Qd6 31. Qe8 Nh6 32. b4 Qxb4 33. Qe6+ Nf7 34. Qxa6 f5 35. Qc8 Qe7 36. Qa8 Qd8 37. Qb7 Qd6 38. Ba1 Qa3 39. Qb1 Qb4 40. Qa2 Qa3 41. Qb1 Qb4 42. Qc2 Qe4 43. Qb2 f4 44. g4 Qe6 45. g5 Qg4+ 46. Kh2 Qe6 47. Kg2 Qg4+ 48. Kh2 Qe6 49. Kg2 1/2-1/2

[Event "2BLW 2324 SC Siegburg - Aachener SV"]
[Site "?"]
[Date "2024.02.25"]
[Round "8.2"]
[White "Kovchan, Alexander"]
[Black "Nagy, Gabor"]
[Result "1/2-1/2"]
[WhiteElo "2482"]
[BlackElo "2434"]
[PlyCount "34"]
[EventDate "2024.??.??"]

1. e4 c5 2. Nf3 e6 3. d4 cxd4 4. Nxd4 a6 5. Bd3 Bc5 6. Nb3 Ba7 7. Qe2 Ne7 8. Be3 O-O 9. Bxa7 Rxa7 10. O-O Nbc6 11. c4 d5 12. exd5 exd5 13. N1d2 Bf5 14. Bxf5 Nxf5 15. Qd3 dxc4 16. Qxf5 cxb3 17. Nxb3 Nd4 1/2-1/2

[Event "2BLW 2324 SC Siegburg - Aachener SV"]
[Site "?"]
[Date "2024.02.25"]
[Round "8.3"]
[White "Galyas, Miklos"]
[Black "Omelja, Artem"]
[Result "1/2-1/2"]
[WhiteElo "2388"]
[BlackElo "2438"]
[PlyCount "63"]
[EventDate "2024.??.??"]

1. Nf3 d5 2. e3 Nf6 3. c4 e6 4. Nc3 Bd6 5. b3 O-O 6. Bb2 c5 7. cxd5 exd5 8. d4 Nc6 9. Be2 cxd4 10. Nxd4 Nxd4 11. Qxd4 Re8 12. O-O Be5 13. Qd2 Be6 14. Rfd1 Rc8 15. Rac1 Qa5 16. h3 Ne4 17. Nxe4 Qxd2 18. Rxd2 Bxb2 19. Rxc8 Rxc8 20. Rxb2 dxe4 21. Bc4 Bxc4 22. bxc4 b6 23. Rd2 Kf8 24. Rd7 a6 25. Rd4 Rc5 26. g4 h5 27. gxh5 Rxh5 28. Kg2 Rg5+ 29. Kf1 Ra5 30. Rd6 Rxa2 31. Rxb6 Rc2 32. Rxa6 1/2-1/2

[Event "2BLW 2324 SC Siegburg - Aachener SV"]
[Site "?"]
[Date "2024.02.25"]
[Round "8.4"]
[White "Zavgorodniy, Sergiy"]
[Black "Koch, Thomas"]
[Result "0-1"]
[WhiteElo "2401"]
[BlackElo "2431"]
[PlyCount "76"]
[EventDate "2024.??.??"]

1. e4 c5 2. Nf3 d6 3. Bb5+ Bd7 4. a4 Nc6 5. O-O Nf6 6. Re1 e5 7. c3 a6 8. Bxc6 Bxc6 9. d4 Be7 10. dxe5 dxe5 11. Qc2 O-O 12. c4 Qb8 13. Nc3 Bd8 14. a5 Nd7 15. Nd5 Qd6 16. Bd2 Re8 17. Bc3 Qg6 18. Rad1 Rc8 19. h3 Bg5 20. Rd3 f6 21. Bd2 Bxd2 22. Qxd2 Qh5 23. Ne3 Nf8 24. Nf5 Rb8 25. g4 Qg6 26. Nd6 Re7 27. b4 cxb4 28. Qxb4 Rd7 29. c5 Kh8 30. Qb3 h6 31. Red1 Kh7 32. Nf5 Qf7 33. Qb4 Rbd8 34. Rxd7 Rxd7 35. Nd6 Qa2 36. h4 Qe2 37. Qb3 Bxe4 38. Nh2 Bc2 0-1

[Event "2BLW 2324 SC Siegburg - Aachener SV"]
[Site "?"]
[Date "2024.02.25"]
[Round "8.5"]
[White "Lemmers, Oscar"]
[Black "Dzierzenga, Stefan"]
[Result "1-0"]
[WhiteElo "2355"]
[BlackElo "2135"]
[PlyCount "61"]
[EventDate "2024.??.??"]

1. e4 e6 2. d4 d5 3. Nd2 Nf6 4. e5 Nfd7 5. Bd3 c5 6. c3 Nc6 7. Ne2 cxd4 8. cxd4 f6 9. exf6 Nxf6 10. O-O Bd6 11. Nf3 Qc7 12. h3 O-O 13. Be3 Bd7 14. Re1 Rac8 15. Nc3 a6 16. Rc1 b5 17. a4 b4 18. Nb5 axb5 19. axb5 Qb7 20. bxc6 Rxc6 21. Rxc6 Bxc6 22. Ng5 e5 23. dxe5 Bxe5 24. Nxh7 Nxh7 25. Qh5 g5 26. Bc5 Re8 27. Qg6+ Kh8 28. Rxe5 Rxe5 29. Bd4 Qg7 30. Bxe5 Qxe5 31. Qxh7# 1-0

[Event "2BLW 2324 SC Siegburg - Aachener SV"]
[Site "?"]
[Date "2024.02.25"]
[Round "8.6"]
[White "Albrecht, Oliver"]
[Black "Piceu, Tom"]
[Result "0-1"]
[WhiteElo "2142"]
[BlackElo "2311"]
[PlyCount "71"]
[EventDate "2024.??.??"]

1. Nf3 Nf6 2. g3 g6 3. b3 Bg7 4. Bb2 O-O 5. Bg2 d5 6. d4 c5 7. dxc5 Qa5+ 8. Nbd2 Qxc5 9. O-O Nc6 10. a3 a5 11. e3 Bf5 12. c3 Bd3 13. Re1 e5 14. c4 e4 15. Nd4 dxc4 16. Nxc6 Qxc6 17. bxc4 Rfd8 18. Rc1 a4 19. Bd4 Nd7 20. Bxg7 Kxg7 21. Rc3 Nc5 22. Qa1 Kg8 23. h4 h5 24. Rcc1 Nb3 25. Nxb3 axb3 26. Bf1 Qc5 27. Qc3 Rxa3 28. Red1 Qa5 29. Qb2 Qb4 30. Rc3 Kh7 31. Bxd3 exd3 32. Kg2 d2 33. Kf1 b5 34. c5 Qg4 35. Rxd2 Ra2 36. Qxb3 0-1

[Event "2BLW 2324 SC Siegburg - Aachener SV"]
[Site "?"]
[Date "2024.02.25"]
[Round "8.7"]
[White "Sonntag, Hans-Hubert"]
[Black "Kolkin, Michail"]
[Result "1/2-1/2"]
[WhiteElo "2283"]
[BlackElo "2334"]
[PlyCount "77"]
[EventDate "2024.??.??"]

1. e4 e6 2. d4 d5 3. Nc3 dxe4 4. Nxe4 Nd7 5. Nf3 Ngf6 6. Nxf6+ Nxf6 7. Bd3 c5 8. O-O cxd4 9. Nxd4 Be7 10. c3 O-O 11. Qe2 a6 12. Bf4 Nd5 13. Be5 Bd6 14. f4 Bxe5 15. fxe5 Qg5 16. Kh1 Qe3 17. Qc2 Qh6 18. Rf3 g6 19. Be4 Ne3 20. Qf2 Nf5 21. Rf1 Qg7 22. g4 Nxd4 23. cxd4 Rb8 24. Rf6 Bd7 25. Qf3 Bc6 26. Bxc6 bxc6 27. b3 Rbd8 28. Qf4 Rd7 29. Qe4 Rfd8 30. Qxc6 Rxd4 31. Qf3 R8d7 32. Qa8+ Qf8 33. Qxf8+ Kxf8 34. Rxe6 Rxg4 35. Rxa6 Kg7 36. Raf6 Re4 37. R6f2 Rxe5 38. a4 Rb7 39. Rf3 1/2-1/2

[Event "2BLW 2324 SC Siegburg - Aachener SV"]
[Site "?"]
[Date "2024.02.25"]
[Round "8.8"]
[White "Breest, Axel"]
[Black "Ngo, Quang Thai"]
[Result "0-1"]
[WhiteElo "1979"]
[BlackElo "2094"]
[PlyCount "60"]
[EventDate "2024.??.??"]

1. e4 c5 2. Nc3 e6 3. Nge2 Nc6 4. g3 d5 5. exd5 exd5 6. Bg2 Nf6 7. O-O d4 8. Ne4 Be7 9. d3 O-O 10. h3 Nd5 11. Nf4 Nxf4 12. Bxf4 f5 13. Nd2 g5 14. Bxc6 gxf4 15. Bg2 fxg3 16. fxg3 Bd6 17. Qh5 Bxg3 18. Nf3 Rf7 19. Rae1 Bxe1 20. Rxe1 Bd7 21. Ng5 Rg7 22. Ne6 Qe8 23. Qxf5 Rg6 24. Kh2 Bxe6 25. Rxe6 Rxe6 26. Bd5 Kg7 27. Bxe6 Qe7 28. Qg4+ Kh6 29. h4 Rf8 30. Kg2 Qf6 0-1

[Event "2BLW 2324 Klub Kölner SF - SG Solingen "]
[Site "?"]
[Date "2024.02.25"]
[Round "8.1"]
[White "Krastev, Alexander"]
[Black "Strohhaeker, Raoul"]
[Result "1-0"]
[WhiteElo "2457"]
[BlackElo "2427"]
[PlyCount "105"]
[EventDate "2024.??.??"]

1. e4 c5 2. Nf3 e6 3. d4 cxd4 4. Nxd4 Nc6 5. Nc3 Qc7 6. g3 a6 7. Bg2 d6 8. O-O Bd7 9. Re1 Be7 10. Nxc6 Bxc6 11. Ne2 Nf6 12. Nd4 O-O 13. c4 Rfd8 14. Qe2 Be8 15. b3 Rab8 16. a4 Nd7 17. Be3 Nc5 18. Rab1 Bf6 19. Rec1 b6 20. Qc2 h5 21. Rd1 Bd7 22. Rd2 h4 23. Rdd1 hxg3 24. hxg3 Rdc8 25. Ne2 Nb7 26. Nf4 Bc6 27. g4 e5 28. Nd5 Bxd5 29. Rxd5 Be7 30. f4 exf4 31. Bxf4 Bf6 32. g5 Be5 33. Bxe5 dxe5 34. g6 b5 35. gxf7+ Qxf7 36. axb5 axb5 37. c5 b4 38. Rxe5 Rc6 39. Rf1 Qc7 40. Qc4+ Kh8 41. Rh5+ Rh6 42. Rxh6+ gxh6 43. c6 Na5 44. Qd4+ Kh7 45. Qd5 Kg7 46. Qd4+ Kh7 47. e5 Nxc6 48. Qe4+ Kg7 49. Qxc6 Qxe5 50. Qd7+ Kh8 51. Qf5 Qg3 52. Qf6+ Kh7 53. Kh1 1-0

[Event "2BLW 2324 Klub Kölner SF - SG Solingen "]
[Site "?"]
[Date "2024.02.25"]
[Round "8.2"]
[White "Stork, Oliver"]
[Black "Gaponenko, Inna"]
[Result "1/2-1/2"]
[WhiteElo "2329"]
[BlackElo "2328"]
[PlyCount "73"]
[EventDate "2024.??.??"]

1. c4 e6 2. Nc3 d5 3. e3 Nf6 4. Nf3 a6 5. b3 c5 6. Bb2 Nc6 7. cxd5 exd5 8. d4 Bg4 9. dxc5 Bxc5 10. Be2 O-O 11. O-O Qd6 12. Nd4 Bxd4 13. Bxg4 Be5 14. g3 d4 15. exd4 Bxd4 16. Bf3 Rad8 17. Na4 b5 18. Bxc6 Bxb2 19. Qxd6 Rxd6 20. Nxb2 Rxc6 21. Rac1 Rfc8 22. Nd3 Rxc1 23. Rxc1 Rxc1+ 24. Nxc1 Kf8 25. Kf1 Ke7 26. Ke2 Kd6 27. f3 Nd5 28. a3 a5 29. Kd3 a4 30. Kd4 axb3 31. Nxb3 Ne7 32. Na5 Nf5+ 33. Ke4 Ne7 34. Nb7+ Kc7 35. Nc5 Kd6 36. Nb7+ Kc7 37. Nc5 1/2-1/2

[Event "2BLW 2324 Klub Kölner SF - SG Solingen "]
[Site "?"]
[Date "2024.02.25"]
[Round "8.3"]
[White "Schlecht, Daniel"]
[Black "Morawietz, Dieter"]
[Result "0-1"]
[WhiteElo "2372"]
[BlackElo "2386"]
[PlyCount "128"]
[EventDate "2024.??.??"]

1. d4 Nf6 2. c4 e6 3. Nc3 Bb4 4. Qc2 c5 5. dxc5 O-O 6. a3 Bxc5 7. Nf3 Nc6 8. Bg5 h6 9. Bh4 Be7 10. e3 b6 11. Be2 Bb7 12. O-O Nh5 13. Bxe7 Qxe7 14. Rfd1 Rfd8 15. b4 Nf6 16. Qb3 d6 17. Rac1 Rac8 18. h3 Ba8 19. Qb1 Qb7 20. Bf1 Ne7 21. Qb2 Ng6 22. Nb5 Qe7 23. Be2 Ne4 24. Nbd4 Qf6 25. Bd3 e5 26. Nc2 d5 27. cxd5 Nc3 28. Re1 e4 29. Ncd4 Na4 30. Qb3 Rxc1 31. Rxc1 exf3 32. Qxa4 fxg2 33. Qxa7 Bxd5 34. Qc7 Ne5 35. Be2 Ra8 36. Rc3 g5 37. e4 Bxe4 38. Re3 Qf4 39. Qc3 Bb7 40. Nc2 Ng6 41. Ne1 Rc8 42. Qd2 Nh4 43. Bg4 Rf8 44. f3 Qf6 45. Nxg2 Nxf3+ 46. Bxf3 Bxf3 47. Qc3 Qxc3 48. Rxc3 Be4 49. Ne3 Rd8 50. Ng4 Kg7 51. Kf2 f5 52. Rc7+ Kg6 53. Ne5+ Kh5 54. Nd7 Kh4 55. Nxb6 Rd2+ 56. Ke1 Ra2 57. Nd7 Rxa3 58. Nf6 Kxh3 59. Rh7 Kg2 60. Rxh6 Ra6 61. Rg6 g4 62. Nh5 Rxg6 63. Nf4+ Kh2 64. Nxg6 g3 0-1

[Event "2BLW 2324 Klub Kölner SF - SG Solingen "]
[Site "?"]
[Date "2024.02.25"]
[Round "8.4"]
[White "Helbig, Mark"]
[Black "Schaefer, Markus"]
[Result "1/2-1/2"]
[WhiteElo "2283"]
[BlackElo "2350"]
[PlyCount "36"]
[EventDate "2024.??.??"]

1. d4 Nf6 2. Nf3 g6 3. g3 Bg7 4. Bg2 O-O 5. O-O d6 6. Re1 Nbd7 7. e4 e5 8. Nc3 Re8 9. h3 c6 10. a4 a5 11. Be3 exd4 12. Bxd4 Nb6 13. Qd3 Be6 14. Ng5 Bd7 15. f4 h6 16. Nf3 d5 17. e5 Bf5 18. Qe3 Nfd7 1/2-1/2

[Event "2BLW 2324 Klub Kölner SF - SG Solingen "]
[Site "?"]
[Date "2024.02.25"]
[Round "8.5"]
[White "Berg, Michael"]
[Black "Wacker, Peter"]
[Result "1/2-1/2"]
[WhiteElo "2276"]
[BlackElo "2240"]
[PlyCount "37"]
[EventDate "2024.??.??"]

1. d4 Nf6 2. c4 e6 3. g3 d5 4. Nf3 Bb4+ 5. Bd2 Be7 6. Bg2 c6 7. O-O O-O 8. Bc3 Ne4 9. Nbd2 Nxd2 10. Nxd2 b5 11. b3 f5 12. Qc2 Nd7 13. c5 a5 14. a3 Bf6 15. b4 a4 16. f4 g5 17. e3 g4 18. Rae1 Ra7 19. Kf2 1/2-1/2

[Event "2BLW 2324 Klub Kölner SF - SG Solingen "]
[Site "?"]
[Date "2024.02.25"]
[Round "8.6"]
[White "Andersen, Hans-Christoph"]
[Black "Zolfagharian, Kevin"]
[Result "1/2-1/2"]
[WhiteElo "2220"]
[BlackElo "2244"]
[PlyCount "26"]
[EventDate "2024.??.??"]

1. d4 Nf6 2. Nf3 e6 3. Bf4 c5 4. e3 cxd4 5. exd4 Qb6 6. Nc3 a6 7. a3 Bd6 8. Be5 Bxe5 9. Nxe5 Nc6 10. Nf3 e5 11. Na4 Qa5+ 12. c3 b5 13. dxe5 Ne4 1/2-1/2

[Event "2BLW 2324 Klub Kölner SF - SG Solingen "]
[Site "?"]
[Date "2024.02.25"]
[Round "8.7"]
[White "Kniest, Oliver"]
[Black "Bayer, Ernst-Wolfgang"]
[Result "1-0"]
[WhiteElo "2260"]
[BlackElo "2219"]
[PlyCount "77"]
[EventDate "2024.??.??"]

1. c4 f5 2. d4 Nf6 3. Nc3 g6 4. g3 Bg7 5. Bg2 d6 6. Nf3 O-O 7. O-O a5 8. b3 Nc6 9. Bb2 e5 10. dxe5 dxe5 11. Qxd8 Rxd8 12. Rfd1 e4 13. Ne1 Be6 14. f3 exf3 15. exf3 f4 16. Nd3 fxg3 17. hxg3 Nh5 18. Kh2 Bf8 19. Ne4 Bf5 20. Ndf2 Nb4 21. f4 c6 22. Bf3 a4 23. bxa4 Nc2 24. Rac1 Nb4 25. a3 Na6 26. c5 Ng7 27. Bf6 Rxd1 28. Bxd1 Ne6 29. Bb3 Nac7 30. Be5 Nd5 31. Nd6 h5 32. Nxb7 Bg7 33. Bxg7 Kxg7 34. Nd6 Rb8 35. Bxd5 cxd5 36. c6 Rb2 37. Kg1 Nd4 38. Nxf5+ gxf5 39. c7 1-0

[Event "2BLW 2324 Klub Kölner SF - SG Solingen "]
[Site "?"]
[Date "2024.02.25"]
[Round "8.8"]
[White "Bonnmann, Reinhard"]
[Black "Asadzade, Idris"]
[Result "1-0"]
[WhiteElo "2253"]
[BlackElo "2229"]
[PlyCount "105"]
[EventDate "2024.??.??"]

1. d4 d5 2. c4 e6 3. g3 Nf6 4. Bg2 dxc4 5. Nc3 c5 6. Nf3 Nc6 7. Be3 Ng4 8. O-O Nxe3 9. fxe3 Be7 10. Qa4 Bd7 11. Qxc4 cxd4 12. exd4 Rc8 13. Qd3 O-O 14. Kh1 Qb6 15. Ne4 Nb4 16. Qd1 Rfd8 17. Nc3 Bc6 18. e4 Be8 19. Qd2 Nc6 20. Rad1 Na5 21. Qe2 Nc4 22. Rb1 Qa5 23. d5 Nxb2 24. Rxb2 Qxc3 25. Rxb7 Rc7 26. Qa6 exd5 27. Qxa7 Rxb7 28. Qxb7 Qb4 29. Qxb4 Bxb4 30. Rd1 Ra8 31. exd5 Rxa2 32. d6 Bxd6 33. Rxd6 Ra1+ 34. Ng1 Kf8 35. Rd2 Rc1 36. Bf3 Bc6 37. Bxc6 Rxc6 38. Kg2 Rc7 39. Nf3 f6 40. Nd4 Kf7 41. Nb5 Re7 42. Kf3 Kg6 43. Rd5 Rb7 44. g4 Rb6 45. h4 Ra6 46. Nd4 Ra3+ 47. Kf4 Ra4 48. Ke4 Kh6 49. Kf5 Ra1 50. Ne2 Rf1+ 51. Ke6 Re1 52. Kf7 g6 53. Ng3 1-0

[Event "2BLW 2324 SV Koblenz - SV Werder Bremen "]
[Site "?"]
[Date "2024.02.25"]
[Round "8.1"]
[White "Nyback, Tomi"]
[Black "Sulskis, Sarunas"]
[Result "1-0"]
[WhiteElo "2581"]
[BlackElo "2485"]
[PlyCount "57"]
[EventDate "2024.??.??"]

1. Nf3 d5 2. g3 Nc6 3. d4 Bg4 4. Bg2 Qd7 5. h3 Bxf3 6. exf3 O-O-O 7. O-O e5 8. dxe5 Nxe5 9. f4 Nc6 10. c3 Nf6 11. Be3 Kb8 12. Qa4 a6 13. Rd1 h5 14. c4 Nb4 15. Qb3 h4 16. a3 Nc6 17. Nc3 Na5 18. Qc2 Nxc4 19. Nxd5 Nxe3 20. Nxe3 Bd6 21. g4 c6 22. Rac1 Qc7 23. Qb3 Bxf4 24. Rxc6 Rxd1+ 25. Nxd1 Qe7 26. Rb6 Qe1+ 27. Bf1 Nxg4 28. Rxb7+ Ka8 29. Rb6 1-0

[Event "2BLW 2324 SV Koblenz - SV Werder Bremen "]
[Site "?"]
[Date "2024.02.25"]
[Round "8.2"]
[White "Seul, Georg"]
[Black "Colbow, Collin"]
[Result "1/2-1/2"]
[WhiteElo "2347"]
[BlackElo "2376"]
[PlyCount "31"]
[EventDate "2024.??.??"]

1. e4 c5 2. Nf3 e6 3. b3 a6 4. c4 d5 5. cxd5 exd5 6. exd5 Nf6 7. Nc3 Be7 8. Bb2 O-O 9. d4 Qa5 10. Be2 Nxd5 11. Qd2 cxd4 12. Nxd5 Qxd5 13. Qxd4 Qxd4 14. Nxd4 Bb4+ 15. Kf1 b6 16. Bf3 1/2-1/2

[Event "2BLW 2324 SV Koblenz - SV Werder Bremen "]
[Site "?"]
[Date "2024.02.25"]
[Round "8.3"]
[White "Meins, Gerlef"]
[Black "Fritsche, Lutz"]
[Result "1/2-1/2"]
[WhiteElo "2395"]
[BlackElo "2315"]
[PlyCount "103"]
[EventDate "2024.??.??"]

1. d4 g6 2. e4 Bg7 3. Nf3 d6 4. c3 Nf6 5. Bd3 O-O 6. O-O c5 7. h3 Na6 8. Re1 Qc7 9. Na3 cxd4 10. cxd4 e5 11. Be3 exd4 12. Bxd4 Nb4 13. Nb5 Qd8 14. Bc4 Nc6 15. Bc3 Ne8 16. e5 Na5 17. Bxa5 Qxa5 18. exd6 Bd7 19. Nc3 Bxc3 20. bxc3 Qc5 21. Qd5 Qxd5 22. Bxd5 Nxd6 23. Re7 Rad8 24. Ne5 Bc8 25. Re1 Kg7 26. c4 Rfe8 27. Rxe8 Rxe8 28. c5 Nf5 29. f4 f6 30. Nf3 Rxe1+ 31. Nxe1 Kf8 32. Kf2 Ke7 33. Nc2 Be6 34. Bxb7 Bxa2 35. Nb4 Bb1 36. Nc6+ Kd7 37. Nxa7 Nd4 38. Ke3 Nf5+ 39. Kd2 Kc7 40. Bd5 Nd4 41. g4 g5 42. f5 Kb8 43. Nc6+ Nxc6 44. Bxc6 Ba2 45. Kc3 Kc7 46. Bf3 Bf7 47. Kd4 Be8 48. Bd5 Ba4 49. Bc4 Bc6 50. Bd5 Ba4 51. Bc4 Bc6 52. Bd5 1/2-1/2

[Event "2BLW 2324 SV Koblenz - SV Werder Bremen "]
[Site "?"]
[Date "2024.02.25"]
[Round "8.4"]
[White "Hammes, Michael"]
[Black "Lobzhanidze, Davit"]
[Result "1/2-1/2"]
[WhiteElo "2330"]
[BlackElo "2403"]
[PlyCount "28"]
[EventDate "2024.??.??"]

1. d4 Nf6 2. c4 e6 3. Nf3 b6 4. e3 Bb7 5. Bd3 Be7 6. O-O O-O 7. Nc3 d5 8. cxd5 exd5 9. b3 Nbd7 10. Bb2 a6 11. Rc1 Bd6 12. Qc2 Qe7 13. Ne2 Ne4 14. Ng3 Nxg3 1/2-1/2

[Event "2BLW 2324 SV Koblenz - SV Werder Bremen "]
[Site "?"]
[Date "2024.02.25"]
[Round "8.5"]
[White "Joachim, Sven"]
[Black "Stewart, Neil"]
[Result "1-0"]
[WhiteElo "2391"]
[BlackElo "2264"]
[PlyCount "69"]
[EventDate "2024.??.??"]

1. e4 c5 2. Nf3 d6 3. d4 cxd4 4. Nxd4 Nf6 5. Nc3 Nc6 6. Bg5 e6 7. Qd2 a6 8. O-O-O Bd7 9. Kb1 Be7 10. Nxc6 Bxc6 11. f3 Qc7 12. h4 O-O-O 13. Bd3 h6 14. Be3 Nd7 15. Qf2 Kb8 16. Ne2 Rc8 17. Nd4 Nc5 18. Nb3 Ba4 19. Bd4 Bxb3 20. axb3 Bf6 21. Bxf6 gxf6 22. Rhe1 Rhg8 23. Bf1 Qe7 24. Rd4 h5 25. Red1 Rc6 26. Qd2 Nd7 27. b4 Ne5 28. f4 Ng4 29. b5 axb5 30. Bxb5 Rb6 31. Qa5 Qd8 32. R1d3 Nf2 33. Ra3 d5 34. Qa7+ Kc7 35. Rc3+ 1-0

[Event "2BLW 2324 SV Koblenz - SV Werder Bremen "]
[Site "?"]
[Date "2024.02.25"]
[Round "8.6"]
[White "Doncevic, Dario"]
[Black "Richter, Christian"]
[Result "1/2-1/2"]
[WhiteElo "2234"]
[BlackElo "2356"]
[PlyCount "73"]
[EventDate "2024.??.??"]

1. e4 e5 2. Nf3 Nc6 3. Bb5 a6 4. Ba4 Nf6 5. d4 exd4 6. O-O Be7 7. e5 Ne4 8. Nxd4 O-O 9. Nf5 Nc5 10. Qg4 g6 11. Bxc6 dxc6 12. Nxe7+ Qxe7 13. Qg3 Re8 14. Re1 Bf5 15. Nc3 Ne6 16. Ne4 Bxe4 17. Rxe4 Rad8 18. Be3 Rd5 19. h4 Qd7 20. Qf3 Ng7 21. c4 Rd3 22. g4 h5 23. gxh5 Nxh5 24. Kh2 Qe6 25. Rg1 Nf6 26. Rf4 Nd7 27. h5 Nxe5 28. Qe4 Qd6 29. hxg6 fxg6 30. Kh1 Rd1 31. Bd4 Rxg1+ 32. Kxg1 Re6 33. Rh4 Qxd4 34. Rh8+ Kf7 35. Rh7+ Kg8 36. Rh8+ Kf7 37. Rh7+ 1/2-1/2